[Event "51st National Challengers (National â€˜Bâ€™) Chess Cha"]
[Site "Bhopal, Madhya Pradesh-India"]
[Date "2013.10.18"]
[Round "8"]
[Board "15"]
[White "Navalgund, Niranjan"]
[Black "Sharma, Dinesh K."]
[Result "1/2-1/2"]
[WhiteElo "2230"]
[BlackElo "2390"]
[PlyCount "84"]
[EventDate "2013.10.12"]
[EventRounds "13"]
[EventCountry "IND"]

1. c4 e6 2. g3 f5 3. Bg2 Nf6 4. Nc3 Be7 5. d3 d5 6. cxd5 exd5 7. Nf3 O-O 8. O-O
c6 9. e4 fxe4 10. dxe4 Nxe4 11. Nxe4 dxe4 12. Nd2 Nd7 13. Qb3+ Kh8 14. Nxe4 Nc5
15. Nxc5 Bxc5 16. Be3 Qb6 17. Qxb6 Bxb6 18. Bxb6 axb6 19. Rfe1 Kg8 20. Re7 Rf7
21. Re8+ Rf8 22. Re7 Rf7 23. Re8+ Rf8 24. Re3 Bf5 25. a3 Rfe8 26. Rae1 Rxe3 27.
Rxe3 Rd8 28. Bf3 Rd2 29. g4 Bd7 30. b4 b5 31. Kg2 Kf7 32. Kg3 Be6 33. Be4 h6
34. h4 Rd1 35. Kf4 Rg1 36. Bf5 Bxf5 37. Kxf5 g6+ 38. Kf4 Kf6 39. Rd3 g5+ 40.
hxg5+ hxg5+ 41. Kf3 Ke6 42. Rc3 Re1 1/2-1/2

[Event "51st National Challengers (National â€˜Bâ€™) Chess Cha"]
[Site "Bhopal, Madhya Pradesh-India"]
[Date "2013.10.18"]
[Round "8"]
[Board "16"]
[White "Matta, Vinay Kumar"]
[Black "Stany, G.A."]
[Result "0-1"]
[WhiteElo "2209"]
[BlackElo "2388"]
[PlyCount "76"]
[EventDate "2013.10.12"]
[EventRounds "13"]
[EventCountry "IND"]

1. d4 Nf6 2. c4 g6 3. Nc3 d5 4. Nf3 Bg7 5. Qb3 c6 6. Bg5 dxc4 7. Qxc4 b5 8. Qb3
a5 9. e3 Bf5 10. Be2 a4 11. Qd1 a3 12. b3 Qa5 13. Qd2 b4 14. Na4 Ne4 15. Qd1 c5
16. Rc1 Nc3 17. Nxc3 bxc3 18. O-O Nc6 19. Qe1 c2 20. e4 Bxe4 21. Bb5 Qxb5 22.
Qxe4 O-O 23. d5 Nb4 24. Bxe7 Nxa2 25. Rxc2 Nc3 26. Rxc3 Bxc3 27. Qc2 Bg7 28.
Bxf8 Kxf8 29. Qa2 c4 30. Nd2 c3 31. Nc4 Qxd5 32. h3 Qd3 33. Rc1 Bh6 34. Re1 c2
35. Qa1 Bg7 36. Ne5 Qd2 37. g3 a2 38. Kg2 Qd5+ 0-1

[Event "51st National Challengers (National â€˜Bâ€™) Chess Cha"]
[Site "Bhopal, Madhya Pradesh-India"]
[Date "2013.10.18"]
[Round "8"]
[Board "17"]
[White "K., Praneeth Surya"]
[Black "Sagar, Shah"]
[Result "1/2-1/2"]
[WhiteElo "2210"]
[BlackElo "2373"]
[PlyCount "62"]
[EventDate "2013.10.12"]
[EventRounds "13"]
[EventCountry "IND"]

1. e4 c5 2. Nf3 e6 3. d4 cxd4 4. Nxd4 a6 5. Bd3 Nf6 6. O-O Qc7 7. c4 Nc6 8. Nf3
Ng4 9. g3 b6 10. Bf4 Bd6 11. Bxd6 Qxd6 12. Be2 Qc7 13. Nd4 Nf6 14. Nc3 Bb7 15.
Rc1 Nxd4 16. Qxd4 Qc5 17. Qxc5 bxc5 18. e5 Ne4 19. Bf3 Nxc3 20. Rxc3 Bxf3 21.
Rxf3 Rb8 22. b3 Ke7 23. Rd3 Rb7 24. f4 f6 25. Rd6 Ra8 26. Rf3 a5 27. a4 g5 28.
Rc3 Rba7 29. Rb6 g4 30. Rb5 Rc7 31. exf6+ Kxf6 1/2-1/2

[Event "51st National Challengers (National â€˜Bâ€™) Chess Cha"]
[Site "Bhopal, Madhya Pradesh-India"]
[Date "2013.10.18"]
[Round "8"]
[Board "18"]
[White "Ravichandran, Siddharth"]
[Black "Shreyansh, Daklia"]
[Result "1-0"]
[WhiteElo "2372"]
[BlackElo "2232"]
[PlyCount "75"]
[EventDate "2013.10.12"]
[EventRounds "13"]
[EventCountry "IND"]

1. e4 c5 2. Nf3 g6 3. c3 Bg7 4. Bc4 e6 5. d4 cxd4 6. Nxd4 a6 7. O-O Ne7 8. Bg5
O-O 9. f4 f6 10. Bh4 Qc7 11. Bb3 Nbc6 12. f5 Nxd4 13. cxd4 b5 14. Nc3 Kh8 15.
Rc1 Qb6 16. fxe6 dxe6 17. Bf2 Rd8 18. Qd2 Qd6 19. e5 fxe5 20. Ne4 Qd7 21. dxe5
Nd5 22. Bh4 Rf8 23. Nf6 Qe7 24. Qe1 Qa7+ 25. Bf2 Qb8 26. Bc5 Rf7 27. Nxd5 Rxf1+
28. Kxf1 exd5 29. Bxd5 Bf5 30. Bxa8 Qxa8 31. Kg1 Qd5 32. Qd1 Qa8 33. Qd6 h5 34.
Re1 h4 35. Bb6 Kh7 36. Qd8 Qc6 37. Qxh4+ Kg8 38. Bd4 1-0

[Event "51st National Challengers (National â€˜Bâ€™) Chess Cha"]
[Site "Bhopal, Madhya Pradesh-India"]
[Date "2013.10.18"]
[Round "8"]
[Board "19"]
[White "Konguvel, Ponnuswamy"]
[Black "Visakh, Nr"]
[Result "0-1"]
[WhiteElo "2366"]
[BlackElo "2218"]
[PlyCount "68"]
[EventDate "2013.10.12"]
[EventRounds "13"]
[EventCountry "IND"]

1. e4 e5 2. Nf3 Nc6 3. Bb5 a6 4. Bxc6 dxc6 5. O-O Bg4 6. h3 Bh5 7. d3 Qf6 8.
Be3 Bxf3 9. Qxf3 Qxf3 10. gxf3 Bd6 11. Nd2 Ne7 12. Rfb1 O-O 13. b4 f5 14. a4
Rf7 15. Nc4 Ng6 16. Nd2 Raf8 17. a5 fxe4 18. fxe4 Nf4 19. Bxf4 Rxf4 20. f3 Be7
21. Kf2 R4f7 22. Ke2 Bg5 23. f4 Rxf4 24. Rf1 Rxf1 25. Rxf1 Bxd2 26. Rxf8+ Kxf8
27. Kxd2 g5 28. Ke3 Ke7 29. c4 c5 30. b5 axb5 31. cxb5 Kd7 32. Kf3 Kc8 33. Ke3
Kb8 34. Kd2 Ka7 0-1

[Event "51st National Challengers (National â€˜Bâ€™) Chess Cha"]
[Site "Bhopal, Madhya Pradesh-India"]
[Date "2013.10.18"]
[Round "8"]
[Board "20"]
[White "Das, Sayantan"]
[Black "Dhulipala, Bala Chandra Prasad"]
[Result "1-0"]
[WhiteElo "2366"]
[BlackElo "2139"]
[PlyCount "59"]
[EventDate "2013.10.12"]
[EventRounds "13"]
[EventCountry "IND"]

1. d4 Nc6 2. d5 Ne5 3. e4 e6 4. f4 Ng6 5. dxe6 fxe6 6. Nf3 Bc5 7. Nc3 Nh6 8. f5
Nh4 9. Ng5 exf5 10. Qh5+ Ng6 11. Bc4 b5 12. Nxb5 c6 13. exf5 cxb5 14. fxg6 Qe7+
15. Kd1 Kd8 16. Ne4 d6 17. Bg5 Bg4+ 18. Qxg4 Nxg4 19. Bxe7+ Kxe7 20. Bxb5 Bd4
21. Kd2 Bxb2 22. Rab1 Be5 23. Rhf1 hxg6 24. Be2 Nf6 25. Rb7+ Kd8 26. Ng5 Re8
27. Nf7+ Kc8 28. Ba6 Ne4+ 29. Ke1 Rf8 30. Nxd6+ 1-0

[Event "51st National Challengers (National â€˜Bâ€™) Chess Cha"]
[Site "Bhopal, Madhya Pradesh-India"]
[Date "2013.10.18"]
[Round "8"]
[Board "21"]
[White "Swapnil, S. Dhopade"]
[Black "Srinath, Rao S.V."]
[Result "1-0"]
[WhiteElo "2471"]
[BlackElo "1938"]
[PlyCount "59"]
[EventDate "2013.10.12"]
[EventRounds "13"]
[EventCountry "IND"]

1. d4 d5 2. c4 dxc4 3. Nf3 Nf6 4. e3 Bg4 5. Bxc4 e6 6. Nc3 a6 7. h3 Bh5 8. O-O
Nc6 9. Be2 Bd6 10. Kh1 Bg6 11. Nh4 e5 12. Nxg6 hxg6 13. dxe5 Bxe5 14. Bf3 g5
15. Kg1 Rh4 16. Qb3 Na5 17. Qc2 Qe7 18. Rd1 c6 19. Qf5 Nd7 20. Bg4 g6 21. Qxd7+
Qxd7 22. Bxd7+ Ke7 23. g3 Rh6 24. e4 Rd8 25. Bg4 Rxd1+ 26. Nxd1 Nc4 27. h4 f6
28. Rb1 Nd6 29. Bf3 Nf7 30. Be3 1-0

[Event "51st National Challengers (National â€˜Bâ€™) Chess Cha"]
[Site "Bhopal, Madhya Pradesh-India"]
[Date "2013.10.18"]
[Round "8"]
[Board "23"]
[White "Abhishek, Das"]
[Black "Sangma, Rahul"]
[Result "1/2-1/2"]
[WhiteElo "2228"]
[BlackElo "2394"]
[PlyCount "32"]
[EventDate "2013.10.12"]
[EventRounds "13"]
[EventCountry "IND"]

1. e4 e5 2. Nf3 Nc6 3. Nc3 Nf6 4. Bb5 Bb4 5. O-O O-O 6. d3 d6 7. Bg5 Ne7 8. Nh4
c6 9. Bc4 d5 10. Bb3 Qd6 11. f4 Bxc3 12. bxc3 dxe4 13. fxe5 Qxe5 14. Bxf6 gxf6
15. dxe4 Ng6 16. Qe1 a5 1/2-1/2

[Event "51st National Challengers (National â€˜Bâ€™) Chess Cha"]
[Site "Bhopal, Madhya Pradesh-India"]
[Date "2013.10.18"]
[Round "8"]
[Board "25"]
[White "Akash Pc, Iyer"]
[Black "Navin, Kanna T.U."]
[Result "0-1"]
[WhiteElo "2206"]
[BlackElo "2358"]
[PlyCount "152"]
[EventDate "2013.10.12"]
[EventRounds "13"]
[EventCountry "IND"]

1. d4 Nf6 2. c4 c5 3. d5 b5 4. cxb5 a6 5. b6 d6 6. Nc3 Nbd7 7. e4 g6 8. Nf3 Bg7
9. Be2 O-O 10. O-O Rb8 11. Nd2 Nxb6 12. Qc2 Ne8 13. Nc4 Nc7 14. Rb1 f5 15. Na5
Bd7 16. f3 Kh8 17. Be3 Nc8 18. Nc6 Bxc6 19. dxc6 Na7 20. b4 Nxc6 21. bxc5 Nd4
22. Bxd4 Bxd4+ 23. Kh1 dxc5 24. Rxb8 Qxb8 25. Nd5 fxe4 26. Qxe4 Nxd5 27. Qxd5
a5 28. Bc4 Qf4 29. Qe6 Qd6 30. Qe4 Kg7 31. Re1 Bf6 32. Rf1 Rb8 33. f4 Rb4 34.
f5 Qd4 35. Qxd4 Bxd4 36. Bd5 gxf5 37. Be6 f4 38. g3 Be5 39. gxf4 Bxf4 40. Rf2
Kf6 41. Rc2 Be5 42. Bg8 Rh4 43. Rf2+ Kg5 44. Be6 Bd4 45. Rf5+ Kg6 46. Rf3 Be5
47. h3 h6 48. Bf5+ Kg7 49. Kg2 Rd4 50. Rd3 Ra4 51. Rd2 c4 52. Re2 Kf6 53. Bd7
Ra3 54. Rf2+ Kg7 55. Be6 Rg3+ 56. Kf1 c3 57. Rf7+ Kg6 58. Rf2 Bd4 59. Rc2 Kf6
60. Bd7 e6 61. h4 Rg4 62. h5 Rh4 63. Be8 e5 64. Bg6 e4 65. Ke2 Ke5 66. Kd1 Rh1+
67. Ke2 Kf4 68. a4 Ke5 69. Bf7 Kd6 70. Bg6 Kd5 71. Bf7+ Kc5 72. Bg6 Rh4 73. Be8
Kb4 74. Bf7 Kxa4 75. Ra2+ Kb4 76. Kf1 Rf4+ 0-1

[Event "51st National Challengers (National â€˜Bâ€™) Chess Cha"]
[Site "Bhopal, Madhya Pradesh-India"]
[Date "2013.10.18"]
[Round "8"]
[Board "26"]
[White "Krishna Teja, N"]
[Black "Aravindh, Chithambaram Vr."]
[Result "1-0"]
[WhiteElo "2185"]
[BlackElo "2346"]
[PlyCount "71"]
[EventDate "2013.10.12"]
[EventRounds "13"]
[EventCountry "IND"]

1. Nf3 d5 2. c4 e6 3. g3 Nf6 4. Bg2 c5 5. cxd5 exd5 6. d4 Nc6 7. O-O c4 8. b3
cxb3 9. axb3 Be7 10. Ne5 O-O 11. Ba3 Re8 12. Nxc6 bxc6 13. Qc2 Bxa3 14. Rxa3
Bg4 15. e3 Qd7 16. Ra6 Bf5 17. Qc3 Qb7 18. Ra5 Ne4 19. Bxe4 Bxe4 20. Nd2 Bf5
21. Rc1 Bd7 22. Nf3 f6 23. Ne1 Rec8 24. Nd3 Bg4 25. Kg2 Qe7 26. f3 Bd7 27. Kf2
Be8 28. Nb4 Rab8 29. Rc5 Qb7 30. Nxc6 Bxc6 31. Rxc6 Re8 32. Rc7 Qxb3 33. Qxb3
Rxb3 34. Rxa7 1-0

[Event "51st National Challengers (National â€˜Bâ€™) Chess Cha"]
[Site "Bhopal, Madhya Pradesh-India"]
[Date "2013.10.18"]
[Round "8"]
[Board "27"]
[White "Krishna, C.R.G."]
[Black "Rohan, Ahuja"]
[Result "0-1"]
[WhiteElo "2340"]
[BlackElo "2093"]
[PlyCount "80"]
[EventDate "2013.10.12"]
[EventRounds "13"]
[EventCountry "IND"]

1. d4 Nf6 2. c4 g6 3. g3 Bg7 4. Bg2 d5 5. cxd5 Nxd5 6. Nf3 Nb6 7. Nc3 Nc6 8. e3
O-O 9. O-O Re8 10. Re1 a5 11. Qe2 Be6 12. Rd1 Bc4 13. Qd2 a4 14. Ne4 e5 15.
dxe5 Nxe5 16. Nxe5 Bxe5 17. Qc2 Qe7 18. Bd2 Bd5 19. Bc3 a3 20. Bxe5 Qxe5 21.
Nc3 Bxg2 22. Kxg2 axb2 23. Qxb2 Red8 24. Qb3 Qc5 25. Ne4 Qe5 26. f3 Kg7 27. Nf2
h5 28. f4 Qa5 29. Qb2+ Kg8 30. Qf6 Nd5 31. Qe5 c6 32. Rd3 Re8 33. Qd4 Qa4 34.
e4 Qxd4 35. Rxd4 Ne3+ 36. Kg1 Nc2 37. Rad1 Nxd4 38. Rxd4 Rxa2 39. e5 Rea8 40.
Ne4 Rc2 0-1

[Event "51st National Challengers (National â€˜Bâ€™) Chess Cha"]
[Site "Bhopal, Madhya Pradesh-India"]
[Date "2013.10.18"]
[Round "8"]
[Board "30"]
[White "Joshi, Govind Ballabh"]
[Black "Gusain, Himal"]
[Result "1/2-1/2"]
[WhiteElo "2166"]
[BlackElo "2307"]
[PlyCount "33"]
[EventDate "2013.10.12"]
[EventRounds "13"]
[EventCountry "IND"]

1. d4 d5 2. c4 e6 3. Nc3 Nf6 4. cxd5 exd5 5. Bg5 Be7 6. e3 O-O 7. Bd3 Nbd7 8.
Qc2 Re8 9. Nge2 Nf8 10. O-O Ng6 11. Rad1 Nh5 12. Bxe7 Rxe7 13. Ng3 Nxg3 14.
hxg3 c6 15. b4 Qd6 16. Rb1 Bd7 17. Rfc1 1/2-1/2

[Event "51st National Challengers (National â€˜Bâ€™) Chess Cha"]
[Site "Bhopal, Madhya Pradesh-India"]
[Date "2013.10.18"]
[Round "8"]
[Board "36"]
[White "Gavi, Siddayya"]
[Black "Puranik, Abhimanyu"]
[Result "1/2-1/2"]
[WhiteElo "1956"]
[BlackElo "2238"]
[PlyCount "41"]
[EventDate "2013.10.12"]
[EventRounds "13"]
[EventCountry "IND"]

1. e4 e6 2. d4 d5 3. Nc3 Bb4 4. exd5 exd5 5. Bd3 c6 6. a3 Bd6 7. Nce2 Ne7 8.
Ng3 O-O 9. N1e2 Nd7 10. O-O Nf6 11. Bf4 Ng6 12. Bxd6 Qxd6 13. Qd2 Re8 14. f3
Bd7 15. Rfe1 Qc7 16. c3 Re7 17. Bxg6 hxg6 18. Nf4 Rae8 19. Rxe7 Rxe7 20. Nd3
Be6 21. Re1 1/2-1/2

[Event "51st National Challengers (National â€˜Bâ€™) Chess Cha"]
[Site "Bhopal, Madhya Pradesh-India"]
[Date "2013.10.18"]
[Round "8"]
[Board "48"]
[White "Yogesh, Gautam"]
[Black "Shashikant, Kutwal"]
[Result "1/2-1/2"]
[WhiteElo "2057"]
[BlackElo "2239"]
[PlyCount "28"]
[EventDate "2013.10.12"]
[EventRounds "13"]
[EventCountry "IND"]

1. e4 c5 2. Nf3 e6 3. d4 cxd4 4. Nxd4 Nf6 5. Nc3 d6 6. Bg5 Nc6 7. Qd2 a6 8.
O-O-O Bd7 9. f3 Be7 10. Be3 b5 11. g4 Nxd4 12. Qxd4 h6 13. h4 e5 14. Qd2 Be6
1/2-1/2

[Event "51st National Challengers (National â€˜Bâ€™) Chess Cha"]
[Site "Bhopal, Madhya Pradesh-India"]
[Date "2013.10.18"]
[Round "8"]
[Board "49"]
[White "Siva, Mahadevan"]
[Black "Deepak, Katiyar"]
[Result "1-0"]
[WhiteElo "1976"]
[BlackElo "2222"]
[PlyCount "57"]
[EventDate "2013.10.12"]
[EventRounds "13"]
[EventCountry "IND"]

1. e4 c5 2. Nf3 d6 3. d4 cxd4 4. Nxd4 Nf6 5. Nc3 Nc6 6. Bc4 Qb6 7. Ndb5 a6 8.
Be3 Qa5 9. Nd4 e6 10. O-O Be7 11. Bb3 O-O 12. f4 Qc7 13. Qf3 Na5 14. f5 Nc4 15.
fxe6 fxe6 16. Qe2 Nxb2 17. Nxe6 Bxe6 18. Bxe6+ Kh8 19. Bd4 b5 20. Nd5 Nxd5 21.
Bxd5 Nc4 22. Bxa8 Rxa8 23. Rf7 Ne5 24. Bxe5 dxe5 25. Raf1 Qb6+ 26. Kh1 Bf6 27.
R1xf6 Qxf6 28. Rxf6 gxf6 29. Qf3 1-0

[Event "51st National Challengers (National â€˜Bâ€™) Chess Cha"]
[Site "Bhopal, Madhya Pradesh-India"]
[Date "2013.10.18"]
[Round "8"]
[Board "61"]
[White "Mahalakshmi, M"]
[Black "Prachurya, Kumar Pradhan-Visually Cha"]
[Result "1-0"]
[WhiteElo "2116"]
[BlackElo "1646"]
[PlyCount "40"]
[EventDate "2013.10.12"]
[EventRounds "13"]
[EventCountry "IND"]

1. d4 Nf6 2. c4 e6 3. Nc3 Bb4 4. e3 b6 5. Nge2 c5 6. a3 Bxc3+ 7. Nxc3 cxd4 8.
exd4 d5 9. Bg5 dxc4 10. Qf3 Qxd4 11. Bxf6 Qxf6 12. Qxa8 Qe5+ 13. Qe4 Qd6 14.
Bxc4 O-O 15. O-O f5 16. Qd3 Qe7 17. Rfe1 Nc6 18. Qe3 f4 19. Bxe6+ Kh8 20. Qe4
Bb7 1-0

[Event "51st National Challengers (National â€˜Bâ€™) Chess Cha"]
[Site "Bhopal, Madhya Pradesh-India"]
[Date "2013.10.18"]
[Round "9"]
[Board "2"]
[White "Sethuraman, S.P."]
[Black "Lalith, Babu M.R."]
[Result "1/2-1/2"]
[WhiteElo "2566"]
[BlackElo "2583"]
[PlyCount "117"]
[EventDate "2013.10.12"]
[EventRounds "13"]
[EventCountry "IND"]

1. e4 c6 2. d4 d5 3. Nc3 dxe4 4. Nxe4 Bf5 5. Ng3 Bg6 6. Nh3 Nf6 7. Bc4 e6 8.
O-O Bd6 9. f4 Qc7 10. Kh1 O-O 11. f5 exf5 12. Nxf5 Nbd7 13. Nxd6 Qxd6 14. Bf4
Qb4 15. Bb3 Bh5 16. Qd2 Qxd2 17. Bxd2 Rfe8 18. Nf4 Bg4 19. h3 Be2 20. Nxe2 Rxe2
21. Rad1 Rae8 22. Bc4 R2e4 23. c3 c5 24. Bd3 R4e7 25. dxc5 Nxc5 26. Bb5 Rc8 27.
Bf4 h6 28. Rfe1 Rxe1+ 29. Rxe1 a6 30. Bf1 Na4 31. Bc1 Kf8 32. Kg1 Rc6 33. c4 a5
34. b3 Nc5 35. g4 b6 36. Bf4 g5 37. Bg2 Re6 38. Rxe6 fxe6 39. Bd6+ Kf7 40. Bc6
Ne8 41. Bb8 Nf6 42. Bc7 Nfd7 43. Bd8 e5 44. Bxd7 Nxd7 45. Kf2 Ke8 46. Bc7 Ke7
47. Kg3 Kf7 48. Kf3 Ke7 49. Kg3 Kf7 50. h4 gxh4+ 51. Kxh4 Kg6 52. Bd8 Kf7 53.
Kh5 e4 54. Kh4 Ke6 55. Bc7 a4 56. bxa4 Ne5 57. Bxb6 Nxc4 58. Bd4 Kd5 59. Bf2
1/2-1/2

[Event "51st National Challengers (National â€˜Bâ€™) Chess Cha"]
[Site "Bhopal, Madhya Pradesh-India"]
[Date "2013.10.18"]
[Round "9"]
[Board "3"]
[White "Adhiban, B."]
[Black "Debashis, Das"]
[Result "1/2-1/2"]
[WhiteElo "2587"]
[BlackElo "2497"]
[PlyCount "104"]
[EventDate "2013.10.12"]
[EventRounds "13"]
[EventCountry "IND"]

1. Nf3 d5 2. c4 e6 3. g3 Nf6 4. Bg2 dxc4 5. Qa4+ Nbd7 6. Qxc4 Bd6 7. O-O O-O 8.
Qc2 e5 9. Nc3 c6 10. Rb1 Qe7 11. d3 Re8 12. Nd2 Nb6 13. Nde4 Nxe4 14. Nxe4 Be6
15. Nxd6 Qxd6 16. b4 Nd5 17. Bd2 Bg4 18. Rfe1 Nc7 19. h3 Bh5 20. a4 Ne6 21. Bc3
Re7 22. Qb2 f6 23. Bd2 Nd4 24. Be3 Rd8 25. Rbc1 h6 26. Rc4 Kh8 27. Bxd4 exd4
28. Rc5 Be8 29. Rec1 a6 30. Be4 Re5 31. Rxe5 Qxe5 32. Rc5 Qe7 33. Kg2 Qd6 34.
h4 Bf7 35. Qc1 Be8 36. Qf4 Qxf4 37. gxf4 Kg8 38. Kg3 Kf8 39. f5 Ke7 40. e3 Rd6
41. Kf4 Bd7 42. Rc4 Be8 43. Rc1 Bf7 44. Rg1 Kf8 45. Rb1 Be8 46. Rb3 Ke7 47. Bf3
Bf7 48. Ra3 Be8 49. e4 Rd7 50. Rb3 Kd6 51. a5 Re7 52. Kg4 c5 1/2-1/2

[Event "51st National Challengers (National â€˜Bâ€™) Chess Cha"]
[Site "Bhopal, Madhya Pradesh-India"]
[Date "2013.10.18"]
[Round "9"]
[Board "4"]
[White "Vishnu, Prasanna. V"]
[Black "Ravichandran, Siddharth"]
[Result "1/2-1/2"]
[WhiteElo "2496"]
[BlackElo "2372"]
[PlyCount "75"]
[EventDate "2013.10.12"]
[EventRounds "13"]
[EventCountry "IND"]

1. e4 c5 2. Nf3 d6 3. d4 cxd4 4. Nxd4 Nf6 5. Nc3 a6 6. Bg5 e6 7. f4 Be7 8. Qf3
Qc7 9. O-O-O Nbd7 10. Bd3 h6 11. Bh4 g5 12. fxg5 Ne5 13. Qe2 Nfg4 14. Nf3 Nxf3
15. Qxf3 hxg5 16. Bg3 Ne5 17. Bxe5 dxe5 18. Rdf1 Rh7 19. h4 gxh4 20. Qg4 Bf8
21. Rxh4 Rg7 22. Qh3 Qe7 23. Rh5 Bd7 24. Rxe5 O-O-O 25. Kb1 Qd6 26. Rh5 Qb6 27.
Rh8 Bd6 28. Rxd8+ Qxd8 29. Qh5 Be8 30. Rd1 Qg5 31. Qxg5 Rxg5 32. Bxa6 Bb4 33.
Bf1 Bxc3 34. bxc3 Bc6 35. Rd4 Re5 36. Bd3 Rg5 37. Bf1 Re5 38. Bd3 1/2-1/2

[Event "51st National Challengers (National â€˜Bâ€™) Chess Cha"]
[Site "Bhopal, Madhya Pradesh-India"]
[Date "2013.10.18"]
[Round "9"]
[Board "6"]
[White "Ashwin, Jayaram"]
[Black "Kulkarni, Vikramaditya"]
[Result "1-0"]
[WhiteElo "2461"]
[BlackElo "2335"]
[PlyCount "57"]
[EventDate "2013.10.12"]
[EventRounds "13"]
[EventCountry "IND"]

1. e4 e6 2. d4 d5 3. e5 c5 4. c3 Qb6 5. Nf3 Nc6 6. a3 c4 7. Nbd2 Na5 8. Be2 Bd7
9. O-O Ne7 10. Rb1 Qc7 11. Re1 Nc8 12. Nf1 Nb3 13. Bg5 Be7 14. N1d2 Na5 15. Nf1
Nb3 16. Ng3 O-O 17. Bd3 f5 18. exf6 gxf6 19. Bh6 Rf7 20. Bc2 b5 21. Nh5 Nd6 22.
Nh4 Bf8 23. Bxf8 Raxf8 24. Qg4+ Kh8 25. Qf4 Rg8 26. Qh6 Nf5 27. Bxf5 exf5 28.
Nxf6 Rgg7 29. Ne8 1-0

[Event "51st National Challengers (National â€˜Bâ€™) Chess Cha"]
[Site "Bhopal, Madhya Pradesh-India"]
[Date "2013.10.18"]
[Round "9"]
[Board "7"]
[White "Stany, G.A."]
[Black "Neelotpal, Das"]
[Result "1/2-1/2"]
[WhiteElo "2388"]
[BlackElo "2455"]
[PlyCount "60"]
[EventDate "2013.10.12"]
[EventRounds "13"]
[EventCountry "IND"]

1. e4 e6 2. d4 d5 3. e5 c5 4. c3 Qb6 5. a3 Nc6 6. Nf3 Nge7 7. b4 cxd4 8. cxd4
Nf5 9. Bb2 Bd7 10. g4 Nfe7 11. Nc3 Na5 12. Na4 Qc6 13. Nc5 Nc4 14. Qb3 Ng6 15.
Nxd7 Qxd7 16. Bxc4 dxc4 17. Qxc4 Rc8 18. Qb3 Be7 19. O-O Nf4 20. Qe3 Nd5 21.
Qe4 O-O 22. Rac1 Qa4 23. Ne1 Rxc1 24. Bxc1 Rc8 25. Nd3 Qc2 26. f4 Bh4 27. f5
Rc3 28. fxe6 fxe6 29. Nc5 Bf2+ 30. Rxf2 Qxc1+ 1/2-1/2

[Event "51st National Challengers (National â€˜Bâ€™) Chess Cha"]
[Site "Bhopal, Madhya Pradesh-India"]
[Date "2013.10.18"]
[Round "9"]
[Board "8"]
[White "Visakh, Nr"]
[Black "Gagare, Shardul"]
[Result "1/2-1/2"]
[WhiteElo "2218"]
[BlackElo "2443"]
[PlyCount "74"]
[EventDate "2013.10.12"]
[EventRounds "13"]
[EventCountry "IND"]

1. d4 d5 2. c4 dxc4 3. e3 Nf6 4. Bxc4 e6 5. Nf3 a6 6. O-O c5 7. dxc5 Bxc5 8.
Qxd8+ Kxd8 9. Nbd2 Ke7 10. b3 Nbd7 11. Bb2 b5 12. Be2 Bb7 13. a3 Rhc8 14. b4
Bd6 15. Rfc1 g6 16. Nb3 Bd5 17. Nfd2 e5 18. Na5 Nb6 19. Bd1 Rxc1 20. Rxc1 Rc8
21. Rxc8 Nxc8 22. Bf3 Ke6 23. Bxd5+ Kxd5 24. f3 Nb6 25. e4+ Ke6 26. Kf2 Nfd7
27. Ke2 Bc7 28. Bc1 Nc8 29. Nb7 Nd6 30. Nxd6 Kxd6 31. Nb3 Bb6 32. Kd3 f6 33.
Be3 Bxe3 34. Kxe3 Nb6 35. Nd2 Ke6 36. g3 h6 37. Kd3 Kd6 1/2-1/2

[Event "51st National Challengers (National â€˜Bâ€™) Chess Cha"]
[Site "Bhopal, Madhya Pradesh-India"]
[Date "2013.10.18"]
[Round "9"]
[Board "9"]
[White "Swayams, Mishra"]
[Black "Das, Sayantan"]
[Result "1-0"]
[WhiteElo "2434"]
[BlackElo "2366"]
[PlyCount "91"]
[EventDate "2013.10.12"]
[EventRounds "13"]
[EventCountry "IND"]

1. d4 d5 2. c4 c6 3. Nf3 Nf6 4. Nc3 dxc4 5. a4 Bf5 6. Ne5 Nbd7 7. Nxc4 Nb6 8.
Ne5 a5 9. g3 g6 10. Bg2 Bg7 11. e4 Be6 12. O-O Nfd7 13. Nf3 Bc4 14. Re1 O-O 15.
Bg5 h6 16. Be3 Ba6 17. b3 c5 18. e5 cxd4 19. Qxd4 Rc8 20. Rad1 e6 21. Ne4 Nd5
22. Qd2 Kh7 23. Bd4 Rc6 24. Bb2 Qb6 25. Ba3 Rd8 26. Bd6 Rcc8 27. Rb1 f5 28.
Neg5+ hxg5 29. Nxg5+ Kh8 30. Nf7+ Kh7 31. Bxd5 exd5 32. Nxd8 Rxd8 33. Rbc1 Re8
34. Qxd5 Nb8 35. Qf7 Rg8 36. Red1 Be2 37. Bc5 Qc6 38. Rd4 Qe8 39. Rh4+ Bh5 40.
e6 Nc6 41. Re1 Kh8 42. Rxh5+ gxh5 43. Qxf5 Nd4 44. Bxd4 Bxd4 45. e7 Bg7 46. Re6
1-0

[Event "51st National Challengers (National â€˜Bâ€™) Chess Cha"]
[Site "Bhopal, Madhya Pradesh-India"]
[Date "2013.10.18"]
[Round "9"]
[Board "10"]
[White "Rathnakaran, K."]
[Black "Ravi, Teja S."]
[Result "1/2-1/2"]
[WhiteElo "2428"]
[BlackElo "2285"]
[PlyCount "105"]
[EventDate "2013.10.12"]
[EventRounds "13"]
[EventCountry "IND"]

1. e4 c6 2. d3 d5 3. Nd2 e5 4. Ngf3 Bd6 5. g3 Nf6 6. Bg2 O-O 7. O-O Qc7 8. b3
Re8 9. Bb2 a5 10. a3 h6 11. Nh4 Be6 12. f4 dxe4 13. fxe5 Bxe5 14. d4 Qb6 15.
Kh1 Bg4 16. Nc4 Qd8 17. Qd2 Bc7 18. Ne3 Nbd7 19. c4 c5 20. Qf2 Qe7 21. Nhf5
Bxf5 22. Nxf5 Qf8 23. dxc5 Be5 24. Bxe5 Rxe5 25. b4 g6 26. Ne3 Qe7 27. Rad1
axb4 28. axb4 Ra3 29. Rd6 Rd3 30. Rd1 Rh5 31. R1xd3 exd3 32. Rxd3 Ne5 33. Rd4
Nc6 34. Nd5 Nxd5 35. Rxd5 Nxb4 36. Rxh5 gxh5 37. h4 Nc6 38. Qf5 Qe3 39. Kh2 Qe2
40. Qf3 Qe5 41. Qf4 Qxc5 42. Qxh6 Na5 43. Qf6 Nxc4 44. Bxb7 Qe5 45. Qxe5 Nxe5
46. Kg2 Kg7 47. Be4 Kf6 48. Kf2 Ng6 49. Ke3 Kg7 50. Bf3 f5 51. Bxh5 f4+ 52.
gxf4 Nxf4 53. Kxf4 1/2-1/2

[Event "51st National Challengers (National â€˜Bâ€™) Chess Cha"]
[Site "Bhopal, Madhya Pradesh-India"]
[Date "2013.10.18"]
[Round "9"]
[Board "11"]
[White "Deepan, Chakkravarthy J."]
[Black "Prakash, G B"]
[Result "1-0"]
[WhiteElo "2476"]
[BlackElo "2255"]
[PlyCount "79"]
[EventDate "2013.10.12"]
[EventRounds "13"]
[EventCountry "IND"]

1. d4 e6 2. e4 d5 3. Nd2 c5 4. Ngf3 cxd4 5. Nxd4 Nf6 6. e5 Nfd7 7. N2f3 Nc6 8.
Nxc6 bxc6 9. Bd3 Ba6 10. O-O Bxd3 11. cxd3 c5 12. Qa4 Be7 13. Qg4 Kf8 14. Re1
Rb8 15. b3 h6 16. Bd2 Kg8 17. Qh5 Qe8 18. g4 f6 19. Qxe8+ Rxe8 20. exf6 Bxf6
21. Rac1 Kf7 22. Kg2 e5 23. b4 c4 24. dxc4 e4 25. Ng1 d4 26. c5 Bh4 27. Rc4 Bf6
28. Ne2 Ne5 29. Rxd4 Nf3 30. Rd7+ Re7 31. Rd5 Re5 32. Rd7+ Re7 33. Rd6 Nxe1+
34. Bxe1 Re6 35. Rd7+ Re7 36. Rd1 Rc8 37. Rc1 Bb2 38. Rc2 Ba3 39. Nd4 a5 40.
Nb5 1-0